|
|
|
|
| LEADER |
01423nam a2200409 a 4500 |
| 001 |
EBC351398 |
| 003 |
MiAaPQ |
| 005 |
20200520144314.0 |
| 006 |
m o d | |
| 007 |
cr cn||||||||| |
| 008 |
080221s2008 enka s 001 0 eng |
| 010 |
|
|
|z 2008007631
|
| 015 |
|
|
|a GBA781541
|2 bnb
|
| 016 |
7 |
|
|z 014057099
|2 Uk
|
| 020 |
|
|
|z 9780470519219
|
| 020 |
|
|
|z 0470519215
|
| 035 |
|
|
|a (MiAaPQ)EBC351398
|
| 035 |
|
|
|a (Au-PeEL)EBL351398
|
| 035 |
|
|
|a (CaPaEBR)ebr10232731
|
| 035 |
|
|
|a (CaONFJC)MIL131028
|
| 035 |
|
|
|a (OCoLC)437218654
|
| 040 |
|
|
|a MiAaPQ
|c MiAaPQ
|d MiAaPQ
|
| 050 |
|
4 |
|a HD57.7
|b .R526 2008
|
| 082 |
0 |
4 |
|a 658.4/092
|2 22
|
| 100 |
1 |
|
|a Ridderstrale, Jonas.
|
| 245 |
1 |
0 |
|a Re-energizing the corporation
|h [electronic resource] :
|b how leaders make change happen /
|c Jonas Ridderstrale and Mark Wilcox.
|
| 260 |
|
|
|a Chichester, West Sussex, England ;
|a Hoboken, NJ :
|b Jossey-Bass,
|c c2008.
|
| 300 |
|
|
|a xvi, 204 p. :
|b ill.
|
| 500 |
|
|
|a Includes index.
|
| 533 |
|
|
|a Electronic reproduction. Ann Arbor, MI : ProQuest, 2015. Available via World Wide Web. Access may be limited to ProQuest affiliated libraries.
|
| 650 |
|
0 |
|a Leadership.
|
| 650 |
|
0 |
|a Organizational change.
|
| 650 |
|
0 |
|a Management.
|
| 655 |
|
4 |
|a Electronic books.
|
| 700 |
1 |
|
|a Wilcox, Mark.
|
| 710 |
2 |
|
|a ProQuest (Firm)
|
| 856 |
4 |
0 |
|u https://ebookcentral.proquest.com/lib/matrademy/detail.action?docID=351398
|z Click to View
|